Γεωγραφία Ε΄ δημοτικού : μαθαίνω για την Ελλάδα
Αποθηκεύτηκε σε:
| Κύριοι συγγραφείς: | , , |
|---|---|
| Συγγραφή απο Οργανισμό/Αρχή: | |
| Μορφή: | Βιβλίο |
| Γλώσσα: | Greek |
| Δημοσίευση: |
Αθήνα :
Ινστιτούτο Τεχνολογίας Υπολογιστών και Εκδόσεων ''Διόφαντος'',
2012.
|
| Θέματα: | |
| Ετικέτες: |
Προσθήκη ετικέτας
Δεν υπάρχουν, Καταχωρήστε ετικέτα πρώτοι!
|
MARC
| LEADER | 00000cam a2200000 a 4500 | ||
|---|---|---|---|
| 001 | 1/118089 | ||
| 008 | 190215s2012####gr | ||| |||| ||gre|| | ||
| 020 | |a 9789600625714 | ||
| 040 | |a GR-MyUa |b gre |c GR-MyUa |e AACR2 | ||
| 041 | 0 | |a gre | |
| 082 | 7 | |a 372.891 |2 (23) | |
| 100 | 1 | |a Κουτσόπουλος, Κωστής, |d 1945- | |
| 245 | 1 | 0 | |a Γεωγραφία Ε΄ δημοτικού : |b μαθαίνω για την Ελλάδα / |c Κωστής Κουτσόπουλος, Μαρία Σωτηράκου, Μαρία Ταστσόγλου ;Υπουργείο Παιδείας Δια Βίου Μάθησης και Θρησκευμάτων, Ινστιτούτο Τεχνολογίας Υπολογιστών και Εκδόσεων ''Διόφαντος''. |
| 260 | |a Αθήνα : |b Ινστιτούτο Τεχνολογίας Υπολογιστών και Εκδόσεων ''Διόφαντος'', |c 2012. | ||
| 300 | |a 159 σ. : |b εικ., φωτ., σχέδ., |c 30 εκ. | ||
| 650 | 0 | |a Geography |x Study and teaching (Elementary) |z Greece. | |
| 700 | 1 | |a Ταστσόγλου, Μαρία, |e aut | |
| 700 | 1 | |a Σωτηράκου, Μαρία, |e aut | |
| 710 | 2 | |a Υπουργείο Παιδείας Δια Βίου Μάθησης και Θρησκευμάτων |b Ινστιτούτο Τεχνολογίας Υπολογιστών και Εκδόσεων ''Διόφαντος''. | |
| 852 | |a INST |b RHODES |e 20190215 |h 372.891 ΚΟΥ |p 005400040450 |q 005400040450 |t BK |y 0 | ||
| 970 | |z 15-02-2019 | ||